| 000 | 00602nam a2200205 u 4500 | ||
|---|---|---|---|
| 005 | 20250904063941.0 | ||
| 008 | 121023s2007 r 000 0 eng d | ||
| 020 | _a9788484124467 | ||
| 035 | _aUPN01000187879 | ||
| 049 | _aI | ||
| 050 | 4 |
_aTT870 _bP3.2 |
|
| 100 | 1 |
_aPalacios, Vicente, _d1929- _933222 |
|
| 245 | 1 | 0 |
_aAnimales de papel : _bpapiroflexia / _cVicente Palacios ; il. Silvia Pla. |
| 260 |
_aBarcelona. Esp. : _bMiguel A. Salvatella, _c2007. |
||
| 300 |
_a55 p. : _bil. col. |
||
| 650 | 2 |
_aOrigami _99087 |
|
| 650 | 4 |
_aTRABAJOS EN PAPEL _99086 |
|
| 905 | _aInfantil | ||
| 999 |
_c159982 _d159982 |
||